000 00537nam a22001937a 4500
003 LK-CoMWRAF
005 20231018090534.0
008 231018b |||||||| |||| 00| 0 eng d
020 _a0316488763
040 _aLK-CoMWRAF
_dLK-CoMWRAF
_eLK-CoMWRAF
041 _aeng
082 _a808
_bKEN
100 _aKennedy, X. J.
245 _aLiterature :
_bAn introduction to fiction, poetry and drama
250 _a3rd Edition
260 _aToronto :
_bLittle, brown and company,
_c1983
650 _aLiterature -- Collections
942 _cBK
999 _c3924
_d3924